000 00392nam a2200181Ia 4500
003 0100
008 130303s9999 xx 000 0 und d
040 _cARRUPELIB
050 _aQH541.B7 1989
100 _aBramwell, Anna
245 _aEcology in the 20th century
245 _ba history
260 _aNew Haven
260 _bYale UP
260 _C1989
300 _a292p
942 0 0 _01
999 _c21162
_d21162